Historic People Missing Double Letters Quiz Stats

 Plays Quiz not verified by Sporcle

Score 0/31 Timer 04:00
34 Plays Today
% Correct
ll
96.7%
ll
96.6%
oo
96.5%
ee
96.2%
ff
96.2%
oo
96.1%
oo
96%
ee
95.9%
nn
95.8%
rr
95.3%
ll
95.2%
nn
95%
mm
93.8%
tt
93.3%
nn
93.3%
aa
93%
% Correct
pp
93%
ee
92.7%
tt
91.5%
cc
90.7%
ss
86%
ee
82.9%
tt
82.3%
aa
81.6%
mm
77.7%
ss
73.4%
bb
71.6%
zz
70.9%
mm
68%
uu
48.3%
yy
37.3%

You're not logged in!

Compare scores with friends on all Sporcle quizzes.
OR
Log In

Show Comments

Extras

Top Quizzes Today


Score Distribution

Your Account Isn't Verified!

In order to create a playlist on Sporcle, you need to verify the email address you used during registration. Go to your Sporcle Settings to finish the process.

Report this User

Report this user for behavior that violates our Community Guidelines.

Details: